[Event "TCh-RUS Rapid 2017"]
[Site "Sochi RUS"]
[Date "2017.10.04"]
[Round "7.5"]
[Board "4"]
[White "Bocharov, Dmitry"]
[Black "Kamrukov, Alexey"]
[Result "1-0"]
[WhiteTitle "GM"]
[BlackTitle "FM"]
[WhiteElo "2585"]
[BlackElo "2296"]
[WhiteTeam "Fighters for the Idea (Moscow)"]
[BlackTeam "Novosibirsk State Technical University"]
[WhiteFideId "4138716"]
[BlackFideId "4169018"]
[EventDate "2017.10.03"]

1. c4 e6 2. Nf3 d5 3. g3 Nf6 4. Bg2 Be7 5. O-O O-O 6. b3 d4 7. e3 Nc6 8. exd4
Nxd4 9. Bb2 Nxf3+ 10. Bxf3 Rb8 11. Nc3 a6 12. d4 b5 13. c5 Nd5 14. Ne4 Bb7 15.
Rc1 Qd7 16. Qe2 c6 17. h4 b4 18. Rfd1 a5 19. Nd2 Ra8 20. Nc4 Ba6 21. Qd2 Qc7 22.
Be4 Rfd8 23. Bb1 g6 24. h5 Bf6 25. Kg2 Bg7 26. Nd6 Nf6 27. hxg6 hxg6 28. Rh1
Rxd6 29. cxd6 Qxd6 30. Qe3 Bb7 31. Rc5 Nd7 32. Be4 Nxc5 33. dxc5 Qf8 34. Bxg7
Qxg7 35. Rd1 Rc8 36. Rd7 Ba6 37. Qf4 Rf8 38. Bxc6 Qa1 39. Bb7 Bf1+ 40. Kh2 Bb5
41. c6 Qc3 42. Rd6 e5 43. Qd2 Qc5 44. Rd5 Qb6 45. Qe3 Qxe3 46. fxe3 Bxc6 47.
Bxc6 Rc8 48. Bb5 Rc2+ 49. Kh3 Rxa2 50. Rxe5 Rb2 51. Ba4 Re2 52. Kg4 Kg7 53. Kf3 1-0

[Event "TCh-RUS Rapid 2017"]
[Site "Sochi RUS"]
[Date "2017.10.04"]
[Round "7.6"]
[Board "1"]
[White "Kurbedinov, Ramis"]
[Black "Sarana, Alexey"]
[Result "0-1"]
[WhiteTitle "IM"]
[BlackTitle "GM"]
[WhiteElo "2309"]
[BlackElo "2543"]
[WhiteTeam "Our Crimea (Republic of Crimea)"]
[BlackTeam "Locomotive (Moscow)"]
[WhiteFideId "14200619"]
[BlackFideId "24133795"]
[EventDate "2017.10.03"]

1. d4 Nf6 2. Nf3 g6 3. c4 Bg7 4. Nc3 d5 5. Bg5 Ne4 6. Bh4 Nxc3 7. bxc3 dxc4 8.
e3 b5 9. Qb1 a6 10. a4 c6 11. Be2 O-O 12. Nd2 Bf5 13. Qb2 Ra7 14. e4 Be6 15. O-O
f5 16. exf5 Bxf5 17. Bf3 Qd6 18. Rfe1 e5 19. Bg3 Nd7 20. Rad1 Bd3 21. Be4 Nb6
22. dxe5 Nxa4 23. Qc1 Qe6 24. Nf3 Bxe4 25. Rxe4 Nc5 26. Rd6 Qe8 27. Red4 Nb3 28.
Qe3 Nxd4 29. Nxd4 Rd7 30. Rxd7 Qxd7 31. h3 Re8 32. Nf3 a5 33. Qc5 a4 34. Nd4 Qd5
35. Qa7 Bxe5 36. Bxe5 Qxe5 37. Nxc6 Qd6 0-1

[Event "TCh-RUS Rapid 2017"]
[Site "Sochi RUS"]
[Date "2017.10.04"]
[Round "7.6"]
[Board "2"]
[White "Krylov, Mikhail RUS"]
[Black "Iljin, Timofey"]
[Result "1/2-1/2"]
[WhiteTitle "GM"]
[BlackTitle "IM"]
[WhiteElo "2476"]
[BlackElo "2305"]
[WhiteTeam "Locomotive (Moscow)"]
[BlackTeam "Our Crimea (Republic of Crimea)"]
[WhiteFideId "4151364"]
[BlackFideId "14110180"]
[EventDate "2017.10.03"]

1. d4 d5 2. c4 e6 3. Nf3 Nf6 4. g3 dxc4 5. Bg2 Nc6 6. Qa4 Bb4+ 7. Bd2 Nd5 8.
Bxb4 Nxb4 9. O-O Rb8 10. Na3 O-O 11. Qb5 b6 12. Qxc4 Ba6 13. Nb5 Qd5 14. Qxd5
Nxd5 15. a4 Na5 16. Rfe1 c6 17. Nc3 Nb4 18. Red1 Rfd8 19. e3 Kf8 20. Na2 Nxa2
21. Rxa2 c5 22. b4 cxb4 23. Rb2 b3 24. Nd2 e5 25. Nxb3 Nxb3 26. Rxb3 exd4 27.
exd4 Rbc8 28. d5 Rd6 29. Re3 Rc4 30. Rde1 g6 31. Re7 Rxa4 32. Rxa7 Bb5 33. Rb7
Bc4 34. h4 h5 35. Re4 Ra1+ 36. Kh2 Bxd5 37. Rb8+ Kg7 38. Rd4 Bxg2 39. Rxd6 Bf3
40. g4 hxg4 41. Rbxb6 Rh1+ 42. Kg3 Rh3+ 43. Kf4 Rxh4 44. Rd7 Rh2 45. Ke3 Rh5 46.
Rb4 Re5+ 47. Kf4 Re2 48. Kg3 Re6 49. Rf4 Rf6 50. Ra7 g5 51. Rd4 Be2 52. Rd5 Rf3+
53. Kg2 Kg6 54. Re5 Bc4 55. Raa5 f6 56. Re4 Rf4 57. Rxf4 gxf4 58. Kg1 Be2 59.
Rc5 Bf3 60. Ra5 f5 61. Ra4 Kg5 62. Rb4 g3 63. Rb8 Be4 64. Rg8+ Kh4 65. Rg7 Bf3
66. Rg8 Bg4 67. Rg7 Bh5 68. Rg8 Bf7 69. Rg7 Bd5 70. Rd7 Bc6 71. Rg7 Bd5 72. Rd7
Bf3 73. Rg7 Bg4 74. Kg2 f3+ 75. Kg1 f4 76. Rg8 Be6 77. Rg6 Bg4 78. Rg8 Kh5 79.
Rg7 Kh4 80. Rg8 Be6 81. Rg6 Bc4 82. Rg7 Bd3 83. Rg8 Kh3 84. Rg5 Kh4 85. Rg8 Bc4
86. Rg7 Bd3 87. Rg8 Bf5 88. Rg7 Bg4 89. Rg8 Kh5 90. Rg7 Kh4 91. Rg8 Be6 92. Rg6
Bc4 93. Rg7 Kh3 94. Rg5 Be6 95. Rg6 Bf5 96. Rg5 Bg4 97. Rg7 Kh4 1/2-1/2

[Event "TCh-RUS Rapid 2017"]
[Site "Sochi RUS"]
[Date "2017.10.04"]
[Round "7.6"]
[Board "3"]
[White "Papenin, Nikolai"]
[Black "Demidov, Mikhail"]
[Result "0-1"]
[WhiteTitle "IM"]
[BlackTitle "IM"]
[WhiteElo "2334"]
[BlackElo "2523"]
[WhiteTeam "Our Crimea (Republic of Crimea)"]
[BlackTeam "Locomotive (Moscow)"]
[WhiteFideId "14104741"]
[BlackFideId "4197143"]
[EventDate "2017.10.03"]

1. d4 d5 2. c4 c6 3. Nc3 dxc4 4. Nf3 Nf6 5. a4 Bf5 6. e3 Bd3 7. Bxd3 cxd3 8.
Qxd3 e6 9. O-O Be7 10. e4 O-O 11. Bg5 Na6 12. Rad1 Nb4 13. Qc4 a5 14. Bxf6 Bxf6
15. d5 cxd5 16. exd5 Qc8 17. Qxc8 Raxc8 18. dxe6 fxe6 19. Nd4 Rfe8 20. Ndb5 Red8
21. Nd6 Rc7 22. Nde4 Rcd7 23. Rxd7 Rxd7 24. Rd1 Rxd1+ 25. Nxd1 Bd4 26. Ne3 Nd3
27. Nc4 b6 28. Kf1 Nxb2 29. Nxb2 Bxb2 30. Ke2 Kf7 31. Kd3 Kg6 32. g4 Kf7 33. Kc4
Ke7 34. f4 g6 35. Kb5 Bd4 36. Kc6 Be3 37. h3 h6 38. Kc7 b5 39. axb5 a4 40. Nc3
Bxf4+ 41. Kc6 a3 42. b6 Kf6 43. b7 Kg5 44. Ne4+ Kh4 45. Nd6 a2 46. b8=Q a1=Q 47.
Nf5+ exf5 48. Qxf4 Qc3+ 49. Kd5 Qd3+ 50. Kc5 Qc2+ 51. Kd6 g5 52. Qxf5 Qe2 53.
Qg6 Qa6+ 0-1

[Event "TCh-RUS Rapid 2017"]
[Site "Sochi RUS"]
[Date "2017.10.04"]
[Round "7.6"]
[Board "4"]
[White "Lugovskoy, Maxim"]
[Black "Derjabin, Ilja"]
[Result "0-1"]
[WhiteTitle "GM"]
[BlackTitle "IM"]
[WhiteElo "2474"]
[BlackElo "2360"]
[WhiteTeam "Locomotive (Moscow)"]
[BlackTeam "Our Crimea (Republic of Crimea)"]
[WhiteFideId "24126454"]
[BlackFideId "14104768"]
[EventDate "2017.10.03"]

1. e4 e6 2. d4 d5 3. Nc3 Nf6 4. e5 Ne4 5. Nxe4 dxe4 6. Be3 c5 7. dxc5 Nd7 8. f4
Bxc5 9. Bxc5 Nxc5 10. Qxd8+ Kxd8 11. Ne2 b6 12. g3 Bb7 13. Bg2 Ke7 14. Nc3 f5
15. Nb5 Ba6 16. Nd6 Nb7 17. Bf1 Bxf1 18. Nxb7 Ba6 19. Nd6 g5 20. Kf2 Rhg8 21.
Rhg1 h6 22. Rad1 Rad8 23. Rd4 gxf4 24. gxf4 e3+ 25. Kxe3 Rxg1 26. Ra4 Bc8 27.
Rxa7+ Bd7 28. c4 Rg2 29. b4 Rxh2 30. a4 Ra2 31. a5 bxa5 32. b5 h5 33. c5 h4 34.
c6 h3 35. Nc8+ Kf8 36. Nb6 Bc8 37. Rh7 Kg8 38. Rh5 h2 39. c7 Rf8 40. Kd4 Kg7 41.
Nxc8 Rxc8 42. b6 Rb2 43. Kc5 Kg6 44. Rh3 a4 45. Kc6 a3 46. b7 Rc2+ 47. Kb6 R2xc7
48. Rxh2 Rxb7+ 49. Kxb7 Rc4 50. Ra2 Ra4 51. Kc6 Kh5 52. Kd7 Ra6 53. Rxa3 Rxa3
54. Kxe6 Kg6 55. Kd6 Rd3+ 56. Ke7 Rd4 57. e6 Rxf4 0-1

[Event "TCh-RUS Rapid 2017"]
[Site "Sochi RUS"]
[Date "2017.10.04"]
[Round "7.7"]
[Board "1"]
[White "Triapishko, Alexandr"]
[Black "Goryachkina, Aleksandra"]
[Result "1/2-1/2"]
[WhiteTitle "IM"]
[BlackTitle "WGM"]
[WhiteElo "2508"]
[BlackElo "2478"]
[WhiteTeam "Crimea (Republic of Crimea)"]
[BlackTeam "YAMAL (YANAO)"]
[WhiteFideId "14122286"]
[BlackFideId "4147103"]
[EventDate "2017.10.03"]

1. e4 e6 2. d4 d5 3. e5 c5 4. c3 Nc6 5. Nf3 Qb6 6. a3 Nh6 7. b4 cxd4 8. Bxh6
gxh6 9. cxd4 Bd7 10. Ra2 Rg8 11. h3 Be7 12. g3 h5 13. Be2 h4 14. g4 f6 15. b5
Nd8 16. Qd3 Rg7 17. Nbd2 Nf7 18. Rc2 fxe5 19. Nxe5 Nxe5 20. dxe5 Rf7 21. O-O Qa5
22. Rc3 Qa4 23. Nf3 Qf4 24. Rd1 Bd8 25. Kg2 Bb6 26. Qc2 Ke7 27. a4 Rg8 28. a5
Bxa5 29. Rd4 Qh6 30. Rc7 Bxc7 31. Qxc7 Qf8 32. Qd6+ Kd8 33. Qb8+ Ke7 34. Qd6+
Kd8 35. Qb8+ Ke7 36. Qd6+ Kd8 1/2-1/2

[Event "TCh-RUS Rapid 2017"]
[Site "Sochi RUS"]
[Date "2017.10.04"]
[Round "7.7"]
[Board "2"]
[White "Potapov, Pavel"]
[Black "Linker, Mikhail"]
[Result "1/2-1/2"]
[WhiteTitle "GM"]
[WhiteElo "2479"]
[BlackElo "2269"]
[WhiteTeam "YAMAL (YANAO)"]
[BlackTeam "Crimea (Republic of Crimea)"]
[WhiteFideId "4169786"]
[BlackFideId "14101734"]
[EventDate "2017.10.03"]

1. e4 c5 2. c3 Nf6 3. e5 Nd5 4. Bc4 Nb6 5. Bb3 d6 6. exd6 e6 7. Nf3 Bxd6 8. O-O
O-O 9. d4 N8d7 10. Bg5 Be7 11. Bf4 Nf6 12. dxc5 Bxc5 13. Qxd8 Rxd8 14. Nbd2 Bd7
15. a4 Nbd5 16. Bg3 Bc6 17. Rfd1 Nh5 18. Ne5 Nxg3 19. hxg3 Ne3 20. Nxc6 bxc6 21.
fxe3 Bxe3+ 22. Kf1 Bxd2 23. Ke2 Bg5 24. Bc2 Rxd1 25. Rxd1 Rd8 26. Rxd8+ Bxd8 27.
b4 h5 28. Be4 c5 29. bxc5 Bc7 30. Bf3 g6 31. g4 h4 32. Kd3 Kf8 33. Kc4 Ke7 34.
Kb5 a5 35. g5 Kd8 36. Bc6 Ke7 37. Bf3 Kd8 1/2-1/2

[Event "TCh-RUS Rapid 2017"]
[Site "Sochi RUS"]
[Date "2017.10.04"]
[Round "7.7"]
[Board "3"]
[White "Jary, Sergey"]
[Black "Belyakov, Bogdan"]
[Result "0-1"]
[BlackTitle "IM"]
[WhiteElo "2297"]
[BlackElo "2486"]
[WhiteTeam "Crimea (Republic of Crimea)"]
[BlackTeam "YAMAL (YANAO)"]
[WhiteFideId "14110350"]
[BlackFideId "24104795"]
[EventDate "2017.10.03"]

1. d4 Nf6 2. Nf3 g6 3. Bf4 d6 4. e3 Nh5 5. Bg3 Nd7 6. Nbd2 Bg7 7. Be2 Nxg3 8.
hxg3 e5 9. dxe5 Nxe5 10. Nxe5 Bxe5 11. c3 Bg7 12. Qc2 O-O 13. O-O Qe7 14. Rfe1
Bf5 15. Bd3 Bd7 16. Nf3 Rfe8 17. Rad1 a6 18. c4 Bc6 19. Bf1 Be4 20. Bd3 Bc6 21.
b4 a5 22. b5 Bd7 23. Rc1 b6 24. Nd2 h5 25. Be4 Rad8 26. Bd5 Bf5 27. Qb3 Bf6 28.
e4 Bd7 29. Qd3 Kg7 30. f4 h4 31. gxh4 Bxh4 32. g3 Bf6 33. Kg2 Rh8 34. Rh1 Bg4
35. Rcg1 Qd7 36. Kf2 Qe7 37. Nf1 Bd7 38. Kg2 Rde8 39. Rxh8 Rxh8 40. Rh1 Qe8 41.
Rh2 Rxh2+ 42. Nxh2 Qh8 43. g4 g5 44. f5 Qh4 45. Qg3 Qxg3+ 46. Kxg3 Be5+ 47. Kg2
Bxh2 48. Kxh2 Kf6 49. Kg3 Be8 50. Kf3 Ke5 51. Ke3 a4 52. a3 f6 53. Bc6 Bf7 54.
Bd5 Be8 55. Bc6 Bf7 56. Bd5 Be8 57. Bc6 Bf7 58. Bd5 Be8 0-1

[Event "TCh-RUS Rapid 2017"]
[Site "Sochi RUS"]
[Date "2017.10.04"]
[Round "7.7"]
[Board "4"]
[White "Savitskiy, Sergey"]
[Black "Chos, Alexey"]
[Result "0-1"]
[WhiteTitle "IM"]
[BlackTitle "IM"]
[WhiteElo "2412"]
[BlackElo "2317"]
[WhiteTeam "YAMAL (YANAO)"]
[BlackTeam "Crimea (Republic of Crimea)"]
[WhiteFideId "24105660"]
[BlackFideId "14117762"]
[EventDate "2017.10.03"]

1. e4 c5 2. Nf3 d6 3. d4 cxd4 4. Nxd4 Nf6 5. Nc3 a6 6. Bg5 e6 7. Qe2 Nbd7 8.
O-O-O Qc7 9. f4 b5 10. Re1 Bb7 11. Kb1 b4 12. Nd5 Nxd5 13. exd5 Bxd5 14. Qd1 Qa5
15. b3 h6 16. Bh4 g5 17. fxg5 hxg5 18. Bxg5 Bxb3 19. axb3 Qxg5 20. Qf3 d5 21.
Nf5 Kd8 22. Bd3 Bc5 23. Rhf1 Rxh2 24. g3 Ra7 25. Qd1 exf5 26. Rxf5 Qd2 27. Qxd2
Rxd2 28. Rxf7 Rg2 29. Rf5 Bd4 30. Rxd5 Bc3 31. Rd1 Ke7 32. Bf5 Ne5 33. g4 Nxg4
34. Be4 Rg3 35. Rg5 Kf6 36. Rg6+ Ke5 37. Bd3 Ne3 38. Rxg3 Nxd1 39. Rg5+ Kf4 40.
Ra5 Nf2 41. Rf5+ Ke3 42. Bc4 Rg7 0-1

[Event "TCh-RUS Rapid 2017"]
[Site "Sochi RUS"]
[Date "2017.10.04"]
[Round "7.8"]
[Board "1"]
[White "Tekeyev, Zaur"]
[Black "Pogromsky, Mikhail"]
[Result "1-0"]
[WhiteTitle "FM"]
[BlackTitle "IM"]
[WhiteElo "2380"]
[BlackElo "2416"]
[WhiteTeam "Stavropol region"]
[BlackTeam "PShK Politechnik (Sverdlovskaya)"]
[WhiteFideId "4199731"]
[BlackFideId "4184688"]
[EventDate "2017.10.03"]

1. e4 Nf6 2. e5 Nd5 3. d4 d6 4. Nf3 Bg4 5. Be2 Nc6 6. O-O Nb6 7. exd6 exd6 8. a4
a5 9. Nbd2 Be7 10. Ne4 O-O 11. Ng3 Re8 12. c3 d5 13. Bb5 Bd6 14. h3 Bd7 15. Bd3
h6 16. Bc2 Ne7 17. Nh4 Rf8 18. Qh5 Qe8 19. Bxh6 gxh6 20. Ngf5 Nxf5 21. Nxf5 Qe6
22. Nxh6+ Kg7 23. Nf5+ Kg8 24. Rae1 Qf6 25. Ne7+ 1-0

[Event "TCh-RUS Rapid 2017"]
[Site "Sochi RUS"]
[Date "2017.10.04"]
[Round "7.8"]
[Board "2"]
[White "Vokarev, Sergey"]
[Black "Nechaev, Oleg"]
[Result "1-0"]
[WhiteTitle "GM"]
[BlackTitle "FM"]
[WhiteElo "2443"]
[BlackElo "2410"]
[WhiteTeam "PShK Politechnik (Sverdlovskaya)"]
[BlackTeam "Stavropol region"]
[WhiteFideId "4119711"]
[BlackFideId "24113409"]
[EventDate "2017.10.03"]

1. Nf3 c5 2. g3 g6 3. Bg2 Bg7 4. d4 Nf6 5. O-O O-O 6. Nc3 cxd4 7. Nxd4 Nc6 8.
Nb3 d6 9. h3 Be6 10. e4 a5 11. a4 Nd7 12. Nd5 Nde5 13. Qe2 Bxd5 14. exd5 Nb4 15.
c3 Na6 16. Be3 Rc8 17. Bd4 Nc4 18. Rfe1 Re8 19. Bxg7 Kxg7 20. Nd4 Qb6 21. Nb5
Ne5 22. b3 Nc7 23. c4 Nxb5 24. axb5 Qc7 25. h4 b6 26. Bh3 Ra8 27. f4 Nd7 28.
Bxd7 Qxd7 29. Kg2 e6 30. Qf3 exd5 31. Qxd5 Qg4 32. Qd4+ Kh6 33. Qxb6 Re2+ 34.
Rxe2 Qxe2+ 35. Qf2 Qe4+ 36. Qf3 Qc2+ 37. Kh3 Re8 38. Qd1 Qf5+ 39. Qg4 Qc2 40. h5
f6 41. Qd1 Qf5+ 42. Qg4 Qc2 43. Qd1 Qf5+ 44. Qg4 Qc2 45. hxg6 hxg6 46. Qd1 Qf5+
47. Qg4 Qc2 48. Rh1 Rh8 49. Qd7 f5 50. Qe7 Rh7 51. Qf8+ Kh5 52. g4+ 1-0

[Event "TCh-RUS Rapid 2017"]
[Site "Sochi RUS"]
[Date "2017.10.04"]
[Round "7.8"]
[Board "3"]
[White "Rozhko, Dmitry"]
[Black "Kozlov, Oleg"]
[Result "0-1"]
[WhiteTitle "FM"]
[BlackTitle "IM"]
[WhiteElo "2311"]
[BlackElo "2303"]
[WhiteTeam "Stavropol region"]
[BlackTeam "PShK Politechnik (Sverdlovskaya)"]
[WhiteFideId "4150430"]
[BlackFideId "4104544"]
[EventDate "2017.10.03"]

1. d4 d5 2. Nf3 Nf6 3. Bf4 c5 4. c3 Qb6 5. Qb3 Nc6 6. Nbd2 cxd4 7. Qxb6 axb6 8.
Nxd4 Nxd4 9. cxd4 e6 10. e3 Bd7 11. Bd3 b5 12. Ke2 b4 13. h3 Be7 14. Rhc1 O-O
15. Rc7 Ra7 16. Be5 Bd8 17. Rc2 Be7 18. Rc7 Rd8 19. Nb3 Ne8 20. Rc2 Rda8 21. Nc1
Bc6 22. b3 f6 23. Bg3 Nd6 24. Rb1 Ne4 25. Bxe4 dxe4 26. f3 Kf7 27. Be1 Ke8 28.
Rbb2 f5 29. f4 Kd7 30. g4 g6 31. Kd1 Bb5 32. Rh2 b6 33. g5 Rc7 34. Rbc2 Rxc2 35.
Kxc2 h6 36. h4 Rh8 37. Bg3 Rc8+ 38. Kd2 h5 39. Be1 Rc3 40. Rh3 Bd3 41. Nxd3 exd3
42. e4 fxe4 43. Re3 Rc2+ 44. Kd1 Rxa2 45. Rxe4 Rb2 46. d5 exd5 47. Rd4 Rxb3 48.
Rxd5+ Kc6 49. Re5 Bd6 50. Re6 Kd5 51. Rf6 Rb1+ 52. Kd2 b3 53. f5 gxf5 54. g6
Bb4+ 55. Kxd3 Rxe1 56. g7 Re8 57. Rxf5+ Ke6 58. Rxh5 b2 59. Kc2 Bc3 60. Rg5 Rg8
61. Rb5 Bd4 62. Kd3 Bc5 63. Rxb2 Rxg7 64. h5 Rg3+ 65. Kc4 Rg4+ 66. Kb5 Rh4 67.
Re2+ Kd5 68. Rd2+ Bd4 69. Rg2 Rxh5 70. Rg8 Rh1 71. Rd8+ Ke4 72. Re8+ Kd3 73. Rb8
Rb1+ 74. Kc6 Kc4 75. Rc8 b5 76. Kd6+ Kd3 77. Kd5 Rh1 78. Rb8 Rh5+ 79. Kc6 Kc4
80. Rc8 Rc5+ 0-1

[Event "TCh-RUS Rapid 2017"]
[Site "Sochi RUS"]
[Date "2017.10.04"]
[Round "7.8"]
[Board "4"]
[White "Ozgibcev, Anatoly"]
[Black "Zaichikov, Andrey"]
[Result "1-0"]
[WhiteElo "2376"]
[BlackElo "2202"]
[WhiteTeam "PShK Politechnik (Sverdlovskaya)"]
[BlackTeam "Stavropol region"]
[WhiteFideId "4139704"]
[BlackFideId "24176591"]
[EventDate "2017.10.03"]

1. e4 e5 2. Nf3 Nc6 3. Bc4 Bc5 4. c3 Nf6 5. d4 exd4 6. O-O Nxe4 7. cxd4 d5 8.
dxc5 dxc4 9. Qe2 Qe7 10. Qxc4 Nxc5 11. Bg5 f6 12. Be3 Ne6 13. Nc3 O-O 14. Nd5
Qf7 15. Rfd1 Ne5 16. Nxe5 fxe5 17. Qb4 c6 18. Ne7+ Kh8 19. Nxc8 Raxc8 20. Qa5 c5
21. Qxa7 Nd4 22. Rf1 Qc7 23. Qa4 b5 24. Qd1 Qf7 25. Qd3 Rc6 26. Bxd4 exd4 27.
Qxb5 Rcc8 28. Rac1 Qf5 29. Rcd1 Qc2 30. Rc1 Qf5 31. Qc4 Rb8 32. b3 Rbc8 33. Rcd1
Rc6 34. Rxd4 Rg6 35. Rd3 Rg4 36. Qc3 Rf4 37. Qd2 Qf6 38. Rd6 Qe5 39. Rd8 Qf6 40.
Rxf8+ Qxf8 41. Qe3 Rf5 42. Re1 h6 43. h3 Rf7 44. Re2 Qd6 45. Qe5 Qd1+ 46. Re1
Qd2 47. Re2 Qd1+ 48. Kh2 Rf8 49. Qe7 Rd8 50. Re3 Qd4 51. Qe5 Qxe5+ 52. Rxe5 Rc8
53. Re2 Kh7 54. Rc2 Kg6 55. Rc4 Ra8 56. Rxc5 Rxa2 57. Kg3 Rb2 58. Rb5 Kf6 59. h4
g6 60. h5 gxh5 61. Rb8 Kg5 62. f3 h4+ 63. Kh2 Kf4 64. Rb4+ Kg5 65. Rg4+ Kh5 66.
b4 h3 67. Kxh3 Rxg2 68. Rh4+ Kg5 69. f4+ 1-0

[Event "TCh-RUS Rapid 2017"]
[Site "Sochi RUS"]
[Date "2017.10.04"]
[Round "8.1"]
[Board "2"]
[White "Khismatullin, Denis"]
[Black "Artemiev, Vladislav"]
[Result "1/2-1/2"]
[WhiteTitle "GM"]
[BlackTitle "GM"]
[WhiteElo "2628"]
[BlackElo "2696"]
[WhiteTeam "Ugra (Khanty-Mansi Autonomous District)"]
[BlackTeam "Rook (Republic of Tatarstan)"]
[WhiteFideId "4142578"]
[BlackFideId "24101605"]
[EventDate "2017.10.03"]

1. d4 Nf6 2. c4 g6 3. g3 c6 4. Bg2 d5 5. cxd5 cxd5 6. Nf3 Bg7 7. O-O O-O 8. Ne5
e6 9. Nc3 Bd7 10. Bf4 Nc6 11. Qd2 Nh5 12. Nxc6 Bxc6 13. Bh6 Bxh6 14. Qxh6 Qb6
15. Qd2 Rfc8 16. Rfc1 Ng7 17. Rc2 Nf5 18. e3 Nd6 19. b3 a5 20. Rac1 Bd7 21. h4
Qb4 22. Bf1 a4 23. Ne4 Qxd2 24. Nxd2 Rxc2 25. Rxc2 axb3 26. axb3 Ra1 27. Kg2 Kf8
28. Bd3 Ke7 29. g4 h6 30. g5 hxg5 31. hxg5 Rd1 32. Be2 Ra1 33. Bd3 Bc6 34. Nf3
Ra3 35. Rb2 Bb5 36. Bb1 Ra1 37. Ne5 Ba6 38. f3 Ke8 39. Kg3 Ke7 40. Kg4 Bf1 41.
Kf4 Nb5 42. Bxg6 fxg6 43. Rh2 Nc3 44. Rh7+ Kf8 45. Nxg6+ Kg8 46. Rc7 Nb5 47.
Rxb7 Re1 48. Ne5 Nd6 49. Rd7 Nf5 50. g6 Bb5 51. Rb7 Be8 52. Kg5 Rg1+ 53. Kf6 Ng3
54. Rb8 Nh5+ 55. Kxe6 Ng7+ 56. Kxd5 Kf8 57. b4 Ke7 58. Rb7+ Kf6 59. Rb6+ Ke7 60.
e4 Nh5 61. Rb7+ Kf6 62. Rb6+ Ke7 63. Rb7+ Kf6 64. Rb8 Ke7 65. b5 Nf4+ 66. Kc4
Rc1+ 67. Kb4 Bxg6 68. Rb7+ Kf6 69. Rb6+ Kg5 70. Rc6 Rb1+ 71. Kc5 Be8 72. d5 Rc1+
73. Kd6 Rb1 74. Rc8 Bxb5 75. Rg8+ Kh5 76. Ng4 Be2 77. Nf6+ Kh6 78. Ng4+ Kh5 79.
Nf6+ Kh6 80. Rg4 Rb6+ 81. Ke5 Ng6+ 82. Kf5 Ne7+ 83. Ke5 Ng6+ 84. Kf5 Ne7+ 1/2-1/2

[Event "TCh-RUS Rapid 2017"]
[Site "Sochi RUS"]
[Date "2017.10.04"]
[Round "8.1"]
[Board "3"]
[White "Timofeev, Artyom"]
[Black "Pridorozhni, Aleksei"]
[Result "1/2-1/2"]
[WhiteTitle "GM"]
[BlackTitle "GM"]
[WhiteElo "2549"]
[BlackElo "2565"]
[WhiteTeam "Rook (Republic of Tatarstan)"]
[BlackTeam "Ugra (Khanty-Mansi Autonomous District)"]
[WhiteFideId "4140419"]
[BlackFideId "4127870"]
[EventDate "2017.10.03"]

1. e4 c5 2. Nf3 e6 3. g3 Nc6 4. Bg2 Nf6 5. Qe2 d5 6. exd5 Nxd5 7. O-O Be7 8. Rd1
Qb6 9. c3 O-O 10. d4 cxd4 11. Nxd4 Nxd4 12. Rxd4 Bf6 13. Rd1 Rd8 14. Nd2 Bd7 15.
Ne4 Be7 16. c4 Nf6 17. Bg5 Bc6 18. Nxf6+ Bxf6 19. Bxf6 gxf6 20. Bxc6 Qxc6 21. b3
b6 22. Qg4+ Kf8 23. Qh4 Kg7 24. Qg4+ Kf8 25. Qh4 Kg7 26. Qg4+ Kf8 27. Qh4 1/2-1/2

[Event "TCh-RUS Rapid 2017"]
[Site "Sochi RUS"]
[Date "2017.10.04"]
[Round "8.1"]
[Board "4"]
[White "Iljiushenok, Ilia"]
[Black "Hasangatin, Ramil"]
[Result "0-1"]
[WhiteTitle "IM"]
[BlackTitle "GM"]
[WhiteElo "2519"]
[BlackElo "2502"]
[WhiteTeam "Ugra (Khanty-Mansi Autonomous District)"]
[BlackTeam "Rook (Republic of Tatarstan)"]
[WhiteFideId "24105074"]
[BlackFideId "4122160"]
[EventDate "2017.10.03"]

1. e4 d5 2. exd5 Qxd5 3. Nf3 Bg4 4. Be2 Nc6 5. d4 O-O-O 6. Be3 e5 7. c4 Qa5+ 8.
Bd2 Qa6 9. d5 Bxf3 10. Bxf3 Nd4 11. b3 Qg6 12. O-O Nc2 13. Bh5 Qd3 14. Bg4+ Kb8
15. Bg5 Qxd1 16. Bxd1 Nxa1 17. Bxd8 f6 18. Nc3 Kc8 19. Bg4+ Kxd8 20. Rxa1 Bc5
21. Rd1 Ne7 22. Be6 f5 23. g3 Rf8 24. Kg2 a6 25. h4 Nc8 26. Ne2 Nd6 27. Nc1 Bd4
28. Nd3 Ke7 29. f3 Kf6 30. Re1 g6 31. c5 Ne8 32. g4 h6 33. Bc8 b6 34. b4 a5 35.
bxa5 bxa5 36. g5+ hxg5 37. hxg5+ Kxg5 38. Nxe5 Nf6 39. Bb7 Rb8 40. d6 Bxe5 41.
Rxe5 Rxb7 42. Re6 cxd6 43. f4+ Kxf4 44. Rxf6 dxc5 45. Rxg6 Rb2+ 46. Kf1 Rxa2 47.
Rc6 a4 48. Rxc5 a3 49. Rc4+ Kg5 50. Ra4 Ra1+ 51. Kg2 a2 0-1

[Event "TCh-RUS Rapid 2017"]
[Site "Sochi RUS"]
[Date "2017.10.04"]
[Round "8.2"]
[Board "1"]
[White "Alekseenko, Kirill"]
[Black "Motylev, Alexander"]
[Result "1/2-1/2"]
[WhiteTitle "GM"]
[BlackTitle "GM"]
[WhiteElo "2563"]
[BlackElo "2675"]
[WhiteTeam "SDYUSSHOR ShSh (St. Petersburg)"]
[BlackTeam "Legends of Moscow (Moscow)"]
[WhiteFideId "4135539"]
[BlackFideId "4121830"]
[EventDate "2017.10.03"]

1. e4 e5 2. Nf3 Nf6 3. Nxe5 d6 4. Nf3 Nxe4 5. Nc3 Nf6 6. d4 Be7 7. h3 O-O 8. Bd3
Nbd7 9. O-O Re8 10. Ne2 b6 11. c4 d5 12. Nc3 Bb7 13. Qb3 Nf8 14. cxd5 Nxd5 15.
Bc4 c6 16. Nxd5 cxd5 17. Bb5 Nd7 18. Bf4 a6 19. Bxd7 Qxd7 20. Qxb6 Qb5 21. Qxb5
axb5 22. Rfc1 Rec8 23. Rxc8+ Rxc8 24. a4 bxa4 25. Rxa4 Ra8 26. Rxa8+ Bxa8 27.
Bc7 Bc6 28. Bb6 f6 29. Bc5 Bd8 30. Nd2 Kf7 31. Nb1 Bb5 32. Nc3 Bc4 33. b4 Ke6
34. g3 g5 35. Kg2 h5 36. Kf3 Kd7 37. Nd1 Ke6 38. Ne3 Bb5 39. Kg2 Bc7 40. Kf3 Bd8
41. h4 g4+ 42. Kg2 Be2 43. Nc2 f5 44. Ne1 f4 45. f3 fxg3 46. Kxg3 gxf3 47. Nxf3
Bxf3 48. Kxf3 Bxh4 49. b5 1/2-1/2

[Event "TCh-RUS Rapid 2017"]
[Site "Sochi RUS"]
[Date "2017.10.04"]
[Round "8.2"]
[Board "3"]
[White "Usmanov, Vasily"]
[Black "Popov, Ivan RUS"]
[Result "1/2-1/2"]
[WhiteTitle "IM"]
[BlackTitle "GM"]
[WhiteElo "2463"]
[BlackElo "2609"]
[WhiteTeam "SDYUSSHOR ShSh (St. Petersburg)"]
[BlackTeam "Legends of Moscow (Moscow)"]
[WhiteFideId "4135741"]
[BlackFideId "4170350"]
[EventDate "2017.10.03"]

1. d4 Nf6 2. c4 e6 3. Nc3 Bb4 4. e3 O-O 5. Ne2 d5 6. a3 Bd6 7. Ng3 c5 8. cxd5
cxd4 9. Qxd4 exd5 10. Bd3 Nc6 11. Qh4 Ne5 12. Bc2 Ng6 13. Qd4 Be5 14. Qd3 d4 15.
exd4 1/2-1/2